| 000 | 00398pab a2200145 454500 | ||
|---|---|---|---|
| 008 | 180718b1987 xxu||||| |||| 00| 0 eng d | ||
| 100 | _aRahim, M.A | ||
| 245 |
_aTrain accident in bangladesh _bCourses and remedies |
||
| 260 | _c1987 | ||
| 300 | _a117-31 | ||
| 362 | _aJan. | ||
| 650 | _aRailroads - Accident - Bangladesh | ||
| 773 | _aBangladesh Journal of Public Administration | ||
| 909 | _a17014 | ||
| 999 |
_c17014 _d17014 |
||